Muslims in the West after 9/11 religion, politics, and law

Guardat en:
Dades bibliogràfiques
Altres autors: Cesari, Jocelyne
Format: Llibre
Publicat: Abingdon Routledge 2010
Col·lecció:Routledge studies in liberty and security
Matèries:
Etiquetes: Afegir etiqueta
Sense etiquetes, Sigues el primer a etiquetar aquest registre!
LEADER 01057pam a2200265 4500
001 0000058877
008 101110s2010 enk eng
010 |a 2009023513 
020 |a 9780415776554 
050 0 0 |a E184.M88  |b .M868 2010 
090 0 0 |a E184.M88  |b .M87 2010 
245 0 0 |a Muslims in the West after 9/11  |b religion, politics, and law  |c  /edited by Jocelyne Cesari 
260 |a Abingdon  |b Routledge  |c 2010 
300 |a viii, 253 p.  |c 24 cm 
490 0 |a Routledge studies in liberty and security 
650 0 |a Muslims  |z United States  |x Religion  |9 129451 
650 0 |a Muslims  |x Political activity  |z United States  |9 129452 
650 0 |a Muslims  |x Legal status, laws, etc.  |z United States  |9 129453 
650 0 |a Muslims  |z Europe  |x Religion  |9 129454 
650 0 |a Muslims  |x Political activity  |z Europe  |9 129433 
700 1 |a Cesari, Jocelyne  |9 129455 
998 0 0 |a aab/101110 
999 |c 58691  |d 58691 
997 |a PBPI 
952 |0 0  |1 0  |2 lcc  |4 0  |7 0  |9 83628  |a PLHKI  |b PLHKI  |c Open Shelf  |d 2019-02-26  |e KOPU  |g 446.38  |l 0  |o E184 M88 M87 2010  |p 0000075862  |r 2010-12-21  |s 2010-12-21  |w 2019-02-26  |y BOK - OS